000 00412nam a2200169Ia 4500
008 100122s9999 xx 000 0 und d
082 _b59078
_a133.9
100 _aWEISS BRIAN
245 _aMANY LIVES MANY MASTERS
260 _bFIRE SIDE
_c1988
300 _a219
520 _aPAST LIFE
620 _aPAST LIFE
630 _aMANY LIVES MANY MASTERS
730 _aMANY LIVES MANY MASTERS
942 _cBOOK
999 _c377425
_d377422